NBA - Who averaged more points per game? - Statistics

General Stats
  • This quiz has been taken 18 times
    16 since last reset
  • The average score is 3 of 10
Answer Stats
Question Answer % Correct
Who averaged more points per game (career)? Donovan Mitchell
50%
Who averaged more points per game (career)? Shai Gilgeous-Alexander
50%
Who averaged more points per game (career)? Trae Young
43%
Who averaged more points per game (career)? Dominique Wilkins
36%
Who averaged more points per game (career)? Oscar Robertson
36%
Who averaged more points per game (career)? Allen Iverson
29%
Who averaged more points per game (career)? Bob Pettit
29%
Who averaged more points per game (career)? Jerry West
14%
Who averaged more points per game (career)? Joel Embiid
14%
Who averaged more points per game (career)? Stephen Curry
14%
No matching quizzes found
Score Distribution
Percent of People with Each Score
Percentile by Number Answered
Your Score History
You have not taken this quiz since the last reset